Khảo sát thành phần hóa học cao Methanol của lá cây màn màn hoa tím (Cleome Chelidonii L.F) họ màn màn (Capparaceae) : Luận văn tốt nghiệp Cao học ngành Hóa hữu cơ
Đề tài định danh cây màn màn hoa tím và thu thập mẫu cần nghiên cứu, điều chế các caon-hexane, cao chloroform, cao ethyl axetate, cao methanol. Cô lập và nhận danh 5 - 7 hợp chất tinh khiết từ cao methanol.
Kaydedildi:
| Yazar: | |
|---|---|
| Materyal Türü: | Kitap |
| Dil: | Undetermined |
| Baskı/Yayın Bilgisi: |
Cần Thơ
Trường Đại học Cần Thơ
2014
|
| Konular: | |
| Etiketler: |
Etiketle
Etiket eklenmemiş, İlk siz ekleyin!
|
| Thư viện lưu trữ: | Trung tâm Học liệu Trường Đại học Cần Thơ |
|---|
| LEADER | 01125nam a2200217Ia 4500 | ||
|---|---|---|---|
| 001 | CTU_191143 | ||
| 008 | 210402s9999 xx 000 0 und d | ||
| 082 | |a 547 | ||
| 082 | |b Th107 | ||
| 088 | |a 60440114 | ||
| 100 | |a Mã, Thị Thu Thanh | ||
| 245 | 0 | |a Khảo sát thành phần hóa học cao Methanol của lá cây màn màn hoa tím (Cleome Chelidonii L.F) họ màn màn (Capparaceae) : | |
| 245 | 0 | |b Luận văn tốt nghiệp Cao học ngành Hóa hữu cơ | |
| 245 | 0 | |c Mã Thị Thu Thanh ; Mai Đình Trị (Cán bộ hướng dẫn) | |
| 260 | |a Cần Thơ | ||
| 260 | |b Trường Đại học Cần Thơ | ||
| 260 | |c 2014 | ||
| 520 | |a Đề tài định danh cây màn màn hoa tím và thu thập mẫu cần nghiên cứu, điều chế các caon-hexane, cao chloroform, cao ethyl axetate, cao methanol. Cô lập và nhận danh 5 - 7 hợp chất tinh khiết từ cao methanol. | ||
| 650 | |a Chemistry, organic,Hóa học hữu cơ | ||
| 904 | |i Hải | ||
| 980 | |a Trung tâm Học liệu Trường Đại học Cần Thơ | ||